000
00286nam a2200133Ia 4500
100
_a
Sommerville Ian
942
_c
RB
654
_a
software
245
_a
Software Engineering
260
_b
ADDISON WESLEY
_a
Wokingham
_c
1992
082
_a
5.1
_b
SOM
300
_a
649
546
_a
ENGLISH
999
_c
30559
_d
30559